Festivals of the World: (Record no. 802)
[ view plain ]
| 000 -LEADER | |
|---|---|
| fixed length control field | 007200000a22002410004500 |
| 003 - CONTROL NUMBER IDENTIFIER | |
| control field | LK-CoMWRAF |
| 005 - DATE AND TIME OF LATEST TRANSACTION | |
| control field | 20231020143256.0 |
| 008 - FIXED-LENGTH DATA ELEMENTS--GENERAL INFORMATION | |
| fixed length control field | 230817t2002 ||||| |||| 00| 0 eng d |
| 020 ## - INTERNATIONAL STANDARD BOOK NUMBER | |
| International Standard Book Number | 0816044813 |
| 040 ## - CATALOGING SOURCE | |
| Original cataloging agency | LK-CoMWRAF |
| Modifying agency | LK-CoMWRAF |
| Description conventions | LK-CoMWRAF |
| 041 ## - LANGUAGE CODE | |
| Language code of text/sound track or separate title | English |
| 082 ## - DEWEY DECIMAL CLASSIFICATION NUMBER | |
| Classification number | 394.2 |
| Item number | BRE |
| 942 ## - ADDED ENTRY ELEMENTS (KOHA) | |
| Koha item type | Books |
| 100 ## - MAIN ENTRY--PERSONAL NAME | |
| Personal name | Breuilly, Elizebeth |
| 700 ## - ADDED ENTRY--PERSONAL NAME | |
| Personal name | O'Brien, Foanne |
| 700 ## - ADDED ENTRY--PERSONAL NAME | |
| Personal name | Palmer, Martin |
| 700 ## - ADDED ENTRY--PERSONAL NAME | |
| Personal name | Marty, Martin E. |
| Relator Term | editor |
| 245 ## - TITLE STATEMENT | |
| Title | Festivals of the World: |
| Remainder of title | The Illustrated Guide to celebrations, customs, events and holidays |
| 260 ## - PUBLICATION, DISTRIBUTION, ETC. (IMPRINT) | |
| Place of publication, distribution, etc. | New York: |
| Name of publisher, distributor, etc. | Checkmark, |
| Date of publication, distribution, etc. | 2002 |
| 300 ## - PHYSICAL DESCRIPTION | |
| Extent | 160 p. : col. ill., col. maps ; 29 cm. |
| Other physical details | Index included |
| 650 ## - SUBJECT ADDED ENTRY--TOPICAL TERM | |
| Topical term or geographic name as entry element | FESTIVALS |
| 650 ## - SUBJECT ADDED ENTRY--TOPICAL TERM | |
| Topical term or geographic name as entry element | Fasts and feasts |
| Withdrawn status | Lost status | Damaged status | Not for loan | Permanent Location | Current Location | Date acquired | Full call number | Barcode | Koha item type |
|---|---|---|---|---|---|---|---|---|---|
| Resource center, Muslim Women's Research And Action Forum | Resource center, Muslim Women's Research And Action Forum | 2023-08-17 | 394.2 BRE | RAF1796 | Books |

